Smashing Pumpkins Zeitgeist - Statistics

General Stats
  • This quiz has been taken 5 times
  • The average score is 9 of 12
Answer Stats
Answer % Correct
7 Shades Of Black
100%
Bleeding The Orchid
100%
Doomsday Clock
100%
For God And Country
100%
Starz
100%
That's The Way [My Love Is]
100%
United States
100%
Tarantula
67%
Bring The Light
33%
[Come On] Let's Go!
33%
Neverlost
33%
Pomp And Circumstances
33%
No matching quizzes found
Score Distribution
Percent of People with Each Score
Percentile by Number Answered
Your Score History
You have not taken this quiz